书目信息 |
| 题名: |
建筑物雷电防护装置检测技术规范
|
|
| 作者: | ;国家市场监督管理总局 , 国家标准化管理委员会 发布 | |
| 分册: | ||
| 出版信息: | 北京 中国标准出版社出版发行 2023.12 |
|
| 页数: | 70页 | |
| 开本: | 29cm | |
| 丛书名: | 中华人民共和国国家标准 | |
| 单 册: | ||
| 中图分类: | TU895-65 | |
| 科图分类: | ||
| 主题词: | 房屋建筑设备:安全设备 | |
| 电子资源: | ||
| ISBN: | ||
| 000 | 01229nam0 2200265 45 | |
| 001 | 2439549209 | |
| 005 | 20240507110110.96 | |
| 010 | @dCNY 113.00 | |
| 091 | @a155066·1-74392 | |
| 100 | @a20240507d2023 km y0chiy0120 ea | |
| 101 | 0 | @achi |
| 200 | 1 | @a建筑物雷电防护装置检测技术规范@Ajian zhu wu lei dian fang hu zhuang zhi jian ce ji shu gui fan@eGB/T 21431-2023代替GB/T 21431-2015@f国家市场监督管理总局,国家标准化管理委员会 发布@Fguo jia shi chang jian du guan li zong ju,guo jia biao zhun hua guan li wei yuan hui fa bu |
| 210 | @a北京@c中国标准出版社出版发行@d2023.12 | |
| 215 | @a70页@d29cm | |
| 225 | 2 | @a中华人民共和国国家标准 |
| 300 | @a2023-12-28发布 2024-07-01实施 | |
| 410 | 0 | @12001 @a中华人民共和国国家标准 |
| 510 | @a=Technical specification for inspection of lightning protection systems of buildings | |
| 517 | @aGB/T 21431-2023代替GB/T 21431-2015@AGB/T 21431-2023 dai ti GB/T 21431-2015 | |
| 606 | 0 | @a房屋建筑设备:安全设备 |
| 690 | @aTU895-65@v4 | |
| 711 | 02 | @a国家市场监督管理总局@Aguo jia shi chang jian du guan li zong ju@4发布 |
| 711 | 02 | @a国家标准化管理委员会@Aguo jia biao zhun hua guan li wei yuan hui@4发布 |
| 801 | 0 | @aCN@b河南城建学院图书馆@c20240507 |
| 905 | @a10447@dTU895-65@eG929 | |
| 建筑物雷电防护装置检测技术规范:GB/T 21431-2023代替GB/T 21431-2015/国家市场监督管理总局,国家标准化管理委员会 发布.-北京:中国标准出版社出版发行,2023.12 |
| 70页;29cm.-(中华人民共和国国家标准) |
| 2023-12-28发布 2024-07-01实施.-←并列题名:=Technical specification for inspection of lightning protection systems of buildings |
| ISBN :CNY 113.00 |
| ● |
| 相关链接 |
|
|
|
正题名:建筑物雷电防护装置检测技术规范
索取号:TU895-65/G929
 
预约/预借
| 序号 | 登录号 | 条形码 | 馆藏地/架位号 | 状态 | 备注 |
| 1 | 1552378 | 215523789 | 管理学院资料室/ [索取号:TU895-65/G929] | 在馆 | |
| 2 | 1552379 | 215523798 | 管理学院资料室/ [索取号:TU895-65/G929] | 在馆 |